Wird geladen...
Iravikuttipillapporu: Oru padanam
| 1. Verfasser: | |
|---|---|
| Format: | Printed Book |
| Sprache: | Malayalam |
| Veröffentlicht: |
D.C. Books, Kottayam
D.C. Books, Kottayam
1990
|
| LEADER | 00508nam a2200121Ia 4500 | ||
|---|---|---|---|
| 008 | 111204s9999 xx 000 0 mal d | ||
| 100 | |a Gangadaran Thikkurissi | ||
| 245 | |a Iravikuttipillapporu: Oru padanam |c Gangadaran Thikkurissi | ||
| 260 | |b D.C. Books, Kottayam |a D.C. Books, Kottayam |c 1990 | ||
| 300 | |a 160 | ||
| 942 | |c REF | ||
| 999 | |c 207254 |d 207254 | ||
| 952 | |0 0 |1 0 |2 ddc |4 0 |6 851_250000000000000_9_GAN_I |7 0 |9 229215 |a MAL |b MAL |c ST1 |d 2011-12-05 |g 48.00 |l 2 |o 851.250 9 GAN/I |p MAL23947 |r 2021-10-08 |s 2021-08-05 |v 48.00 |w 2011-12-05 |y BK | ||